|
|
|
|
| LEADER |
01794nam a22003494a 4500 |
| 001 |
EBC219074 |
| 003 |
MiAaPQ |
| 005 |
20200520144314.0 |
| 006 |
m o d | |
| 007 |
cr cn||||||||| |
| 008 |
040517s2005 njua s 001 0 eng |
| 010 |
|
|
|z 2004011591
|
| 020 |
|
|
|z 0471625108 (cloth)
|
| 035 |
|
|
|a (MiAaPQ)EBC219074
|
| 035 |
|
|
|a (Au-PeEL)EBL219074
|
| 035 |
|
|
|a (CaPaEBR)ebr10114071
|
| 035 |
|
|
|a (CaONFJC)MIL26554
|
| 035 |
|
|
|a (OCoLC)614841255
|
| 040 |
|
|
|a MiAaPQ
|c MiAaPQ
|d MiAaPQ
|
| 050 |
|
4 |
|a HG4530
|b .H3884 2005
|
| 082 |
0 |
4 |
|a 332.64/5
|2 22
|
| 100 |
1 |
|
|a Hedges, James R.,
|d 1967-
|
| 245 |
1 |
0 |
|a Hedges on hedge funds
|h [electronic resource] :
|b how to successfully analyze and select an investment /
|c James R. Hedges IV.
|
| 260 |
|
|
|a Hoboken, N.J. :
|b Wiley,
|c c2005.
|
| 300 |
|
|
|a xxi, 232 p. :
|b ill.
|
| 500 |
|
|
|a Includes index.
|
| 505 |
0 |
|
|a The hedge fund alternative -- Cutting through the black box : transparency & disclosure -- The operational risk crisis -- Best practices in hedge fund valuation -- Does size matter? -- Directional investing through global macro and managed futures -- Profiting from the corporate life cycle -- Evaluating arbitrage and relative value strategies -- The time is now for equity market-neutral -- Long-short strategies in the technology sector -- The expansion of European hedge funds -- The dynamic world of Asian hedge funds -- Hedge fund indices : in search of a benchmark.
|
| 533 |
|
|
|a Electronic reproduction. Ann Arbor, MI : ProQuest, 2015. Available via World Wide Web. Access may be limited to ProQuest affiliated libraries.
|
| 650 |
|
0 |
|a Hedge funds.
|
| 655 |
|
4 |
|a Electronic books.
|
| 710 |
2 |
|
|a ProQuest (Firm)
|
| 856 |
4 |
0 |
|u https://ebookcentral.proquest.com/lib/matrademy/detail.action?docID=219074
|z Click to View
|